| 000 | 00534nam a2200205Ia 4500 | ||
|---|---|---|---|
| 003 | OSt | ||
| 005 | 20220509164503.0 | ||
| 008 | 210210b2006 xxu||||| |||| 00| 0 eng d | ||
| 040 |
_aAL _c |
||
| 041 | _aEnglish | ||
| 082 | _a658.001 MITB | ||
| 100 |
_aMITHANI (D M) _935209 |
||
| 245 | _aBusiness economcis I: for first year BCom first semester | ||
| 260 |
_aMumbai _bHimalaya Publishing House _c2006 |
||
| 300 | _a119 | ||
| 690 |
_aBusiness Economics _935218 |
||
| 700 |
_aothers _935219 |
||
| 906 | _a061138 | ||
| 942 |
_2ddc _cBK |
||
| 999 |
_c107919 _d107919 |
||